000 00416nam a22001817a 4500
003 NUST
020 _a8172247745
038 _akhadija
082 _a621.395
_bROT
100 _aRoth, Charles H.
_917981
245 _aFundamentals of Logic Design
250 _a4th ed.
260 _aNew Delhi :
_bA Jaico Book,
_c2006.
300 _a770 p. ;
_b24 cm.
500 _aPaperback.
563 _aPB
942 _cBK
_2ddc
999 _c33469
_d33469